|
|
|
|
| LEADER |
00595cam a2200181 7i4500 |
| 001 |
0000024878 |
| 005 |
20140605090000.0 |
| 020 |
# |
0 |
|a 1875889256
|
| 090 |
0 |
0 |
|a HD 6955
|b H726
|
| 100 |
1 |
# |
|a Holden, Mark
|
| 245 |
1 |
0 |
|a Get what you want out of life and work! :
|b balancing work and personal goals
|c Mark Holden.
|
| 260 |
# |
# |
|a Warriewood, N.S.W.:
|b Business Publishing,
|c 2001.
|
| 590 |
# |
# |
|a Pusat Pendidikan Asas dan Liberal
|
| 650 |
0 |
0 |
|a Quality of work life
|
| 650 |
0 |
0 |
|a Work and family
|
| 650 |
0 |
0 |
|a Conduct of life
|
| 650 |
0 |
0 |
|a Stress management
|
| 999 |
|
|
|a 1100011250
|b Book
|c Open Shelf
|e KOLEKSI TERBUKA
|